Bestiario del nuevo reino de granada : (Registro nro. 16319)
[ vista simple ]
| 000 -CABECERA | |
|---|---|
| Longitud fija campo de control | 00899nam a2200241 a 4500 |
| 003 - • IDENTIFICADOR DELl NÚMERO DE CONTROL | |
| Identificador del número de control | CO-ViMGA |
| 008 - • CÓDIGOS DE INFORMACIÓN DE LONGITUD FIJA | |
| Códigos de información de longitud fija | 141112s2004 ck r 000 u spa d |
| 040 ## - FUENTE DE LA CATALOGACIÓN | |
| Centro catalogador de origen | CO-ViMGA |
| Lengua de catalogación | spa |
| Centro transcriptor | CO-ViMGA |
| 082 04 - • NÚMERO DE LA CLASIFICACIÓN DECIMAL DEWEY | |
| Número de clasificación (R) | 986.102 C111 |
| 100 1# - • PUNTO DE ACCESO PRINCIPAL-NOMBRE DE PERSONA | |
| Nombre de persona | Cabarcas Antequera, Hernando |
| 245 10 - • TITULO PROPIAMENTE DICHO | |
| Título | Bestiario del nuevo reino de granada : |
| Resto del título | la imaginación animalística medieval y la descripción literaria de la naturaleza Américana |
| 300 ## - • DESCRIPCIÓN FÍSICA | |
| Extensión | 196 p : il |
| 490 ## - • MENCIÓN DE SERIE | |
| Mención de serie | Biblioteca daniel samper ortega, 1 |
| 590 ## - NOTAS LOCALES | |
| Nota local | Forma de adquisición : Donación - - Precio : |
| -- | 5.000 |
| 650 14 - • PUNTO DE ACCESO ADICIONAL DE MATERIA - TÉRMINO DE MATERIA | |
| Término de materia o nombre geográfico como elemento inicial | ANIMALES - CUENTOS Y LEYENDAS |
| 650 14 - • PUNTO DE ACCESO ADICIONAL DE MATERIA - TÉRMINO DE MATERIA | |
| Término de materia o nombre geográfico como elemento inicial | ANIMALES FABULOSOS |
| 650 14 - • PUNTO DE ACCESO ADICIONAL DE MATERIA - TÉRMINO DE MATERIA | |
| Término de materia o nombre geográfico como elemento inicial | COLOMBIA - HISTORIA - NUEVA GRANADA |
| 650 14 - • PUNTO DE ACCESO ADICIONAL DE MATERIA - TÉRMINO DE MATERIA | |
| Término de materia o nombre geográfico como elemento inicial | LITERATURA FANTASTICA COLOMBIANA |
| 650 14 - • PUNTO DE ACCESO ADICIONAL DE MATERIA - TÉRMINO DE MATERIA | |
| Término de materia o nombre geográfico como elemento inicial | MONSTRUOS EN LA LITERATURA |
| 942 ## - ENTRADA DE ELEMENTOS AGREGADOS (KOHA) | |
| Fuente de clasificaión o esquema | Dewey Decimal Classification |
| Koha [por defecto] tipo de item | LIbro |
No hay ítems disponibles.